The Gettysburg Address (Full Version) Quiz Stats

Quiz Updated Oct 12, 2016

Challenge
Share
Tweet
Embed
Score 0/271 Timer 14:00
16 Plays Today
% Correct
a
98.8%
a
98.8%
a
98.7%
a
98.7%
a
98.7%
a
98.7%
a
98.7%
and
97.5%
and
97.5%
and
97.5%
and
97.5%
and
97.5%
-- and
97.5%
Four
95.4%
score
95.3%
years
95.1%
ago
94.6%
seven
93.9%
for
93.5%
for
93.5%
for
93.5%
for
93.5%
for
93.5%
our
93%
our
93%
the
92.1%
The
92.1%
The
92.1%
the
92.1%
the
92.1%
the
92.1%
the
92.1%
the
92.1%
the
92.1%
the
92.1%
the
92.1%
fathers
87.7%
nation,
87.3%
nation,
87.3%
nation
87.3%
nation
87.3%
nation,
87.3%
this
86.5%
this.
86.5%
-- this
86.4%
this
86.4%
we
85.4%
We
85.4%
We
85.4%
we
85.4%
we
85.4%
-- we
85.4%
-- we
85.4%
we
85.4%
we
85.4%
we
85.4%
in
85.1%
in
85.1%
in
85.1%
in
85.1%
to
83.7%
to
83.7%
to
83.7%
to
83.7%
to
83.7%
to
83.7%
to
83.7%
to
83.7%
upon
82.7%
are
81.8%
are
81.8%
are
81.8%
on
80.5%
that
80.1%
that
80.1%
that
80.1%
that
80.1%
that
80.1%
that
80.1%
that
80.1%
-- that
80.1%
that
80.1%
-- that
80.1%
that
80.1%
-- that
80.1%
that
80.1%
men
80%
men,
80%
all
79.1%
of
78.8%
of
78.8%
% Correct
of
78.8%
of
78.8%
of
78.8%
new
77.9%
new
77.9%
forth
77.4%
equal.
76.6%
created
76.5%
not
76.1%
not
76.1%
not
76.1%
not
76.1%
not
76.1%
Liberty,
75.8%
brought
75%
so
74%
so
74%
so
74%
war,
73.6%
war.
73.6%
can
72.9%
can
72.9%
can
72.9%
can
72.9%
can
72.9%
people,
71.7%
people,
71.7%
people,
71.7%
great
70.6%
great
70.6%
great
70.6%
continent,
69.6%
by
69%
Now
67.5%
have
67.2%
have
67.2%
have
67.2%
have
67.2%
have
67.2%
be
67.1%
be
67.1%
shall
66.4%
shall
66.4%
shall
66.4%
from
66.2%
from
66.2%
conceived
66%
conceived
66%
civil
65.8%
is
65.6%
is
65.6%
is
65.6%
dedicate
64.4%
dedicate
64.4%
will
64.2%
here
63.7%
here,
63.7%
here,
63.7%
here.
63.7%
here
63.7%
here
63.7%
here
63.7%
here
63.7%
or
63.4%
or
63.4%
dedicated
63%
dedicated,
63%
dedicated
63%
dedicated
63%
It
63%
it,
63%
it
63%
It
63%
It
63%
earth.
62.8%
who
62.4%
who
62.3%
who
62.3%
do
61%
perish
60.3%
they
59.1%
they
59.1%
they
59.1%
live.
58.7%
any
58.4%
battle-field
57.9%
what
57.5%
what
57.5%
us
57.2%
us
57.2%
us
57.2%
% Correct
But,
57.2%
but
57.2%
proposition
57.2%
their
57.1%
died
57%
engaged
57%
government
56.5%
long
55.9%
long
55.9%
freedom
55.4%
come
55.4%
as
55.3%
those
55.2%
brave
54.4%
gave
54.1%
gave
54.1%
field,
53.5%
ground.
53.4%
God,
53.1%
dead,
52.9%
dead
52.9%
dead
52.9%
lives
52.8%
vain
52.5%
consecrate
52.4%
hallow
52%
should
51.9%
endure.
51.6%
did
51.3%
portion
51.1%
whether
50.9%
world
50.7%
never
50.4%
under
50.4%
remember
50.3%
fought
49.9%
living
49.6%
living,
49.6%
might
49.4%
say
48.9%
these
48.7%
these
48.7%
place
48.2%
nor
48.2%
testing
48.2%
forget
47.6%
met
46.6%
sense,
43.7%
which
43.4%
which
43.4%
resting
43.1%
birth
43.1%
final
42.8%
proper
42%
far
41.5%
far
41.5%
fitting
40.9%
consecrated
40.6%
little
40.5%
larger
39.5%
last
39.5%
note,
38.8%
power
38.5%
add
37.6%
altogether
37.5%
poor
37.1%
above
37%
measure
36.9%
full
36.2%
cause
36%
devotion
35.7%
devotion
35.7%
detract.
35.5%
struggled
35%
before
34.9%
thus
33.4%
rather,
33.1%
rather
33.1%
honored
32.2%
task
30.9%
take
30.7%
nobly
30.1%
advanced.
28.8%
work
28.4%
resolve
27.3%
remaining
25.8%
unfinished
25.5%
highly
25.1%
increased
24.5%

You're not logged in!

Compare scores with friends on all Sporcle quizzes.
Join for Free
OR
Log In

You Might Also Like...

Show Comments

Extras

Top Quizzes Today


Score Distribution

Your Account Isn't Verified!

In order to create a playlist on Sporcle, you need to verify the email address you used during registration. Go to your Sporcle Settings to finish the process.

Report this User

Report this user for behavior that violates our Community Guidelines.

Details: